Statistics for Trains by country

Click here to take the quiz!

General Stats

  • This quiz has been taken 399 times
  • The average score is 11 of 15

Answer Stats

CorporateCountry% Correct
British Rail Engineering Limited (BREL)United Kingdom
93%
Kawasaki Heavy IndustriesJapan
91%
American Locomotive CompanyUnited States
91%
SiemensGermany
87%
Hyundai RotemSouth Korea
82%
AlstomFrance
77%
BombardierCanada
74%
Bharat Earth Movers LimitedIndia
73%
Construcciones y Auxiliar de Ferrocarriles (CAF)Spain
72%
Škoda TransportationCzech Republic
68%
The Kinki Sharyo Co., LtdJapan
65%
Stadler Rail AGSwitzerland
61%
Electro-Motive DieselUnited States
61%
CRRC Corporation LimitedChina
60%
TalgoSpain
54%

Score Distribution

Percentile by Number Answered

Percent of People with Each Score

Your Score History

You have not taken this quiz